<?xml version="1.0" encoding="UTF-8"?>
<record
    xmlns:xsi="http://www.w3.org/2001/XMLSchema-instance"
    xsi:schemaLocation="http://www.loc.gov/MARC21/slim http://www.loc.gov/standards/marcxml/schema/MARC21slim.xsd"
    xmlns="http://www.loc.gov/MARC21/slim">

  <leader>00822nam a2200193   4500</leader>
  <controlfield tag="001">000019161</controlfield>
  <controlfield tag="005">20200929165933.0</controlfield>
  <controlfield tag="008">100527s1972    mx a          000 0 spa d</controlfield>
  <datafield tag="040" ind1=" " ind2=" ">
    <subfield code="a">DO-SdBNP</subfield>
    <subfield code="b">spa</subfield>
    <subfield code="c">BNPHU</subfield>
  </datafield>
  <datafield tag="245" ind1="0" ind2="0">
    <subfield code="a">Rendimiento del pastizal /</subfield>
    <subfield code="c">compiladores Mart&#xED;n H. Gonz&#xE1;lez, Robert S. Campbell ; traducci&#xF3;n Ram&#xF3;n Palaz&#xF3;n ; pr&#xF3;logo Lorenzo Mart&#xED;nez Medina.</subfield>
  </datafield>
  <datafield tag="260" ind1=" " ind2=" ">
    <subfield code="a">M&#xE9;xico :</subfield>
    <subfield code="b">Centro Regional de Ayuda T&#xE9;cnica :</subfield>
    <subfield code="b">Agencia para el Desarrollo Internacional (AID).</subfield>
  </datafield>
  <datafield tag="300" ind1=" " ind2=" ">
    <subfield code="a">354 p. :</subfield>
    <subfield code="b">il. , gr&#xE1;f.</subfield>
  </datafield>
  <datafield tag="504" ind1=" " ind2=" ">
    <subfield code="a">Incluye referencias bibliogr&#xE1;ficas y notas al pie de las p&#xE1;ginas.</subfield>
  </datafield>
  <datafield tag="700" ind1="1" ind2=" ">
    <subfield code="a">Gonz&#xE1;lez, Mart&#xED;n H.</subfield>
    <subfield code="e">comp.</subfield>
    <subfield code="9">41245</subfield>
  </datafield>
  <datafield tag="700" ind1="1" ind2=" ">
    <subfield code="a">Campbell, Roberto S.</subfield>
    <subfield code="e">comp.</subfield>
    <subfield code="9">41246</subfield>
  </datafield>
  <datafield tag="700" ind1="1" ind2=" ">
    <subfield code="a">Palaz&#xF3;n, Ram&#xF3;n</subfield>
    <subfield code="e">tr.</subfield>
    <subfield code="9">41247</subfield>
  </datafield>
  <datafield tag="700" ind1="1" ind2=" ">
    <subfield code="a">Mart&#xED;nez Medina, Lorenzo</subfield>
    <subfield code="e">pr&#xF3;l.</subfield>
    <subfield code="9">41248</subfield>
  </datafield>
  <datafield tag="049" ind1=" " ind2=" ">
    <subfield code="a">BNGR</subfield>
  </datafield>
  <datafield tag="952" ind1=" " ind2=" ">
    <subfield code="0">0</subfield>
    <subfield code="1">0</subfield>
    <subfield code="5">2</subfield>
    <subfield code="7">0</subfield>
    <subfield code="8">MO</subfield>
    <subfield code="a">GR</subfield>
    <subfield code="b">GR</subfield>
    <subfield code="c">CT</subfield>
    <subfield code="d">2010-05-27</subfield>
    <subfield code="i">LF1</subfield>
    <subfield code="l">0</subfield>
    <subfield code="o"> </subfield>
    <subfield code="p">19161-10</subfield>
    <subfield code="r">2020-06-25</subfield>
    <subfield code="w">2020-06-25</subfield>
    <subfield code="y">2</subfield>
    <subfield code="Z">Pr&#xE9;stamo interno</subfield>
  </datafield>
  <datafield tag="999" ind1=" " ind2=" ">
    <subfield code="c">18679</subfield>
    <subfield code="d">18679</subfield>
  </datafield>
</record>
